Caballo de Troya 4

Furkejuvvon:
Bibliográfalaš dieđut
Váldodahkki: Benítez López, Juan José (Dahkki)
Materiálatiipa: Girji
Giella:espánnjágiella
Almmustuhtton: Barcelona Planeta 1989
Preanttus:1a. ed
Fáttát:
Fáddágilkorat: Lasit fáddágilkoriid
Eai fáddágilkorat, Lasit vuosttaš fáddágilkora!

MARC

LEADER 00000cam a2200000 a 4500
001 UCC1149
003 CL-VaPUC
008 170929e19890000sp |||||||||||||||||spa|d
020 |a 8432040754 
082 0 4 |a 863  |b BEN  |2 21 
100 0 |a Benítez López, Juan José  |e author  |9 595192 
245 1 0 |a Caballo de Troya 4 
250 |a 1a. ed 
300 |a 469 p 
942 |c BK 
945 |d 20170929 13:43:00  |a arojas 
260 |a Barcelona  |b Planeta  |c 1989 
650 0 |a Novelas españolas  |9 265052 
650 0 |a Literatura española  |9 306261 
650 0 |a Investigación histórica  |9 344844 
583 |a last modification  |c 20170929 13:43:00  |k Rodrigo Vera 
999 |c 369723  |d 369721 
952 |0 0  |1 0  |3 erb  |4 0  |6 863_000000000000000_BEN_1989  |7 0  |8 A  |9 485707  |a BIBGIM  |b BIBGIM  |i 5426820  |o 863 BEN 1989  |p 5426820  |r 2025-01-15  |w 2019-11-24  |y BK  |z Catalogado en:20170929  |k GIM